Loading...
Social Science | 1 | 8 | 3 | 1 | 80 | 64 | 96.33 | 5 | 9 |
Science - Physics | 2 | 4 | 1 | 0 | 65 | 28 | 71.50 | 5 | 6 |
Philosophy | 0 | 6 | 0 | 1 | 60 | 103 | 111.50 | 3 | 6 |
Science - Other Science | 3 | 2 | 2 | 0 | 55 | 18 | 52.80 | 5 | 5 |
Science - Biology | 0 | 5 | 2 | 1 | 40 | 83 | 102.40 | 5 | 5 |
Literature - World Literature | 0 | 4 | 0 | 0 | 40 | 86 | 105.25 | 3 | 4 |
Science - Chemistry | 1 | 3 | 2 | 1 | 35 | 61 | 100.25 | 3 | 4 |
History - European History | 0 | 3 | 0 | 0 | 30 | 75 | 96.67 | 0 | 3 |
Literature - American Literature | 0 | 4 | 2 | 0 | 30 | 92 | 108.00 | 0 | 4 |
Literature - European Literature | 0 | 3 | 0 | 0 | 30 | 107 | 125.00 | 0 | 3 |
History - American History | 0 | 3 | 0 | 0 | 30 | 77 | 96.00 | 3 | 3 |
Beliefs | 0 | 3 | 1 | 0 | 25 | 94 | 101.00 | 2 | 3 |
Literature - British Literature | 0 | 2 | 0 | 0 | 20 | 96 | 111.50 | 0 | 2 |
Fine Arts - Other Arts | 1 | 1 | 2 | 1 | 15 | 46 | 86.00 | 1 | 2 |
Other Academic | 0 | 1 | 0 | 1 | 10 | 98 | 98.00 | 1 | 1 |
Geography | 0 | 1 | 0 | 0 | 10 | 81 | 81.00 | 1 | 1 |
Auditory Arts | 0 | 1 | 1 | 0 | 5 | 133 | 133.00 | 0 | 1 |
Current Events | 0 | 1 | 1 | 0 | 5 | 103 | 103.00 | 1 | 1 |
History - Ancient History | 0 | 0 | 1 | 0 | -5 | 0.00 | 0 | 0 | |
Visual Arts | 0 | 0 | 3 | 0 | -15 | 0.00 | 0 | 0 |